| 000 | 00910cam a22002653a 4500 | ||
|---|---|---|---|
| 001 | 27502 | ||
| 003 | PGUSA | ||
| 005 | 20140828083608.0 | ||
| 008 | 081212s2008||||xxu|||||s|||||000 | eng d | ||
| 040 |
_aPGUSA _beng |
||
| 042 | _adc | ||
| 050 | 4 | _aCT | |
| 050 | 4 | _aML | |
| 100 | 1 | _aBall, Thomas Hanly | |
| 245 | 1 | 0 |
_aSketch of Handel and Beethoven : _bTwo Lectures, Delivered in the Lecture Hall of the Wimbledon Village Club, on Monday Evening, Dec. 14, 1863; and Monday Evening, Jan. 11, 1864 _h[electronic resource] / _cThomas Hanly Ball |
| 260 |
_bProject Gutenberg, _c2008 |
||
| 506 | _aPublic domain in the USA. | ||
| 516 | _aElectronic text | ||
| 653 | _aBeethoven, Ludwig van, 1770-1827 | ||
| 653 | _aHandel, George Frideric, 1685-1759 | ||
| 653 | _aComposers -- Germany -- Biography | ||
| 830 | 0 |
_aProject Gutenberg _v27502 |
|
| 856 | 4 | 0 | _uhttp://www.gutenberg.org/ebooks/27502 |
| 942 | _cEB | ||
| 999 |
_c256757 _d256757 |
||